Alle Nederlandse Dorpen en Steden per Gemeente - Utrecht - Statistics

General Stats
  • This quiz has been taken 6 times
  • The average score is 35 of 109
Answer Stats
Gemeente Dorp/Stad % Correct
Amersfoort Amersfoort
83%
Baarn Baarn
83%
Soest Soest
83%
Utrecht Utrecht
83%
Bunnik Bunnik
67%
De Bilt De Bilt
67%
Utrecht De Meern
67%
Eemnes Eemnes
67%
IJsselstein IJsselstein
67%
Vijfheerenlanden Leerdam
67%
Lopik Lopik
67%
Stichtse Vecht Maarssen
67%
Nieuwegein Nieuwegein
67%
Vijfheerenlanden Vianen
67%
Bunschoten Bunschoten-Spakenburg
50%
Amersfoort Hoogland
50%
Houten Houten
50%
Vijfheerenlanden Leerbroek
50%
Leusden Leusden
50%
Vijfheerenlanden Lexmond
50%
Utrechtse Heuvelrug Maarn
50%
Vijfheerenlanden Meerkerk
50%
Montfoort Montfoort
50%
Oudewater Oudewater
50%
Renswoude Renswoude
50%
Rhenen Rhenen
50%
Veenendaal Veenendaal
50%
Utrecht Vleuten
50%
Wijk bij Duurstede Wijk bij Duurstede
50%
Woerden Woerden
50%
Zeist Zeist
50%
De Ronde Venen Abcoude
33%
Rhenen Achterberg
33%
Vijfheerenlanden Ameide
33%
Utrechtse Heuvelrug Amerongen
33%
Zeist Austerlitz
33%
De Bilt Bilthoven
33%
Stichtse Vecht Breukelen
33%
Wijk bij Duurstede Cothen
33%
Zeist Den Dolder
33%
Utrechtse Heuvelrug Doorn
33%
Bunschoten Eemdijk
33%
Rhenen Elst
33%
De Bilt Groenekan
33%
Vijfheerenlanden Hagestein
33%
Vijfheerenlanden Hei- en Boeicop
33%
Vijfheerenlanden Hoef en Haag
33%
De Bilt Hollandsche Rading
33%
Amersfoort Hooglanderveen
33%
Zeist Huis ter Heide
33%
Baarn Lage Vuursche
33%
Utrechtse Heuvelrug Leersum
33%
Leusden Leusden-Zuid
33%
Montfoort Linschoten
33%
Lopik Lopikerkapel
33%
De Ronde Venen Mijdrecht
33%
Bunnik Odijk
33%
Houten Schalkwijk
33%
Vijfheerenlanden Schoonrewoerd
33%
Soest Soesterberg
33%
Houten 't Goy
33%
Stichtse Vecht Tienhoven
33%
De Ronde Venen Vinkeveen
33%
Bunnik Werkhoven
33%
Woudenberg Woudenberg
33%
Leusden Achterveld
17%
De Ronde Venen Baambrugge
17%
Zeist Bosch en Duin
17%
Montfoort Cattenbroek
17%
Baarn Eembrugge
17%
Vijfheerenlanden Everdingen
17%
Utrecht Haarzuilens
17%
Woerden Harmelen
17%
Woerden Kamerik
17%
Vijfheerenlanden Kedichem
17%
Stichtse Vecht Kockengen
17%
Wijk bij Duurstede Langbroek
17%
Stichtse Vecht Loenen aan de Vecht
17%
Stichtse Vecht Loenersloot
17%
Utrechtse Heuvelrug Maarsbergen
17%
De Bilt Maartensdijk
17%
Stichtse Vecht Nieuwer Ter Aa
17%
Vijfheerenlanden Nieuwland
17%
Stichtse Vecht Nigtevecht
17%
Vijfheerenlanden Oosterwijk
17%
Stichtse Vecht Oud-Zuilen
17%
Utrechtse Heuvelrug Overberg
17%
Oudewater Papekop
17%
Leusden Stoutenburg
17%
Vijfheerenlanden Tienhoven aan de Lek
17%
Houten Tull en 't Waal
17%
De Ronde Venen Waverveen
17%
De Bilt Westbroek
17%
De Ronde Venen Wilnis
17%
Woerden Zegveld
17%
Vijfheerenlanden Zijderveld
17%
De Ronde Venen Amstelhoek
0%
Lopik Benschop
0%
Lopik Cabauw
0%
De Ronde Venen De Hoef
0%
Utrechtse Heuvelrug Driebergen-Rijsenburg
0%
Oudewater Hekendorp
0%
Lopik Jaarsveld
0%
Woerden Meije
0%
Stichtse Vecht Nieuwersluis
0%
Lopik Polsbroek
0%
Soest Soestduinen
0%
Lopik Uitweg
0%
Stichtse Vecht Vreeland
0%
No matching quizzes found
Score Distribution
Percent of People with Each Score
Percentile by Number Answered
Your Score History
You have not taken this quiz